[Event "4NCL Online Division 5"]
[Site "online"]
[Date "2021.08.24"]
[EventDate "2021.08.24"]
[Round "1.14"]
[White "Shapland, David"]
[WhiteElo "1928"]
[WhiteTeam "Hebden Bridge 1"]
[Black "Hackney, Leyton"]
[BlackElo "1597"]
[BlackTeam "Dundee City C"]
[Result "1-0"]
[PlyCount "37"]

1. e4 c5 2. Nf3 Nc6 3. Nc3 a6 4. d4 cxd4 5. Nxd4 e5 6. Nf5 d6 7. Bc4 Nf6 8. Bg5 Bxf5 9. exf5 Be7 10. O-O Nd4 11. Bd3 Qd7 12. Bxf6 gxf6 13. Nd5 Rd8 14. c3 Nb5 15. Qg4 Nc7 16. Qg7 Rf8 17. Ne3 d5 18. Ng4 e4 19. Qxh7 1-0

[Event "4NCL Online Division 5"]
[Site "online"]
[Date "2021.08.24"]
[EventDate "2021.08.24"]
[Round "1.22"]
[White "Holmes, Nick D"]
[WhiteElo "1497"]
[WhiteTeam "Shropshire and Friends 6"]
[Black "Callison, S"]
[BlackElo "1689"]
[BlackTeam "Bearsden Grizzlies"]
[Result "0-1"]
[PlyCount "44"]

1. c4 e5 2. Nc3 Nf6 3. g3 c6 4. e4 d5 5. cxd5 cxd5 6. exd5 Nxd5 7. Bg2 Nb4 8. a3 Nd3+ 9. Kf1 Bc5 10. Ne4 Bb6 11. Qa4+ Bd7 12. Qc4 Be6 13. Qb5+ Nc6 14. Nf3 O-O 15. Ne1 Nxe1 16. Kxe1 Nd4 17. Qa4 Bb3 18. Qxb3 Nxb3 19. Rb1 Qd4 20. Rf1 Rac8 21. Kd1 Rfd8 22. h4 f5 0-1

[Event "4NCL Online Division 5"]
[Site "online"]
[Date "2021.08.24"]
[EventDate "2021.08.24"]
[Round "1.23"]
[White "Kerridge, Simon"]
[WhiteElo "1547"]
[WhiteTeam "Bearsden Grizzlies"]
[Black "Stocks, Foley"]
[BlackElo "1480"]
[BlackTeam "Shropshire and Friends 6"]
[Result "0-1"]
[PlyCount "74"]

1. d4 d5 2. Nc3 Nf6 3. Bf4 e6 4. e3 Bb4 5. Bd3 O-O 6. Ne2 Be7 7. h3 c5 8. dxc5 Bxc5 9. g4 Nc6 10. Nd4 Qb6 11. Nxc6 bxc6 12. Na4 Qa5+ 13. c3 Be7 14. Rb1 Qd8 15. b4 Bd6 16. Bxd6 Qxd6 17. Nc5 e5 18. Qc2 e4 19. Be2 Re8 20. Rd1 Nd7 21. Nxe4 Qg6 22. f3 dxe4 23. f4 Qe6 24. c4 Rb8 25. a3 Nb6 26. Kf2 f5 27. g5 Kh8 28. c5 Nd5 29. Bc4 Qf7 30. Qb3 Be6 31. Bxd5 Bxd5 32. Qc3 Qh5 33. Rdg1 Qf3+ 34. Ke1 a5 35. h4 axb4 36. axb4 Ra8 37. h5 Ra2 0-1

[Event "4NCL Online Division 5"]
[Site "online"]
[Date "2021.08.24"]
[EventDate "2021.08.24"]
[Round "1.24"]
[White "Bonner, Dennis M"]
[WhiteElo "1477"]
[WhiteTeam "Shropshire and Friends 6"]
[Black "Nield, Christopher"]
[BlackElo "1157"]
[BlackTeam "Bearsden Grizzlies"]
[Result "0-1"]
[PlyCount "98"]

1. d4 Nf6 2. Bf4 d5 3. e3 c5 4. c3 Nc6 5. Nd2 e6 6. Ngf3 Be7 7. Bd3 c4 8. Bc2 Nh5 9. Bg3 Nxg3 10. hxg3 h6 11. Qe2 Bd7 12. e4 b5 13. exd5 exd5 14. Nh4 O-O 15. Qf3 Bxh4 16. Rxh4 Re8+ 17. Kf1 Be6 18. Re1 b4 19. Ba4 bxc3 20. bxc3 Qc7 21. Bxc6 Qxc6 22. g4 Rab8 23. Qg3 Bd7 24. Rxe8+ Rxe8 25. Nf3 Qa4 26. Kg1 Qxa2 27. g5 Qb1+ 28. Kh2 Qg6 29. Ne5 Rxe5 30. dxe5 Qxg5 31. Qf4 Qxf4+ 32. Rxf4 a5 33. Rd4 Bc6 34. Rd2 Kf8 35. f4 Ke7 36. Rb2 Kd7 37. Kg1 a4 38. Kf2 f6 39. exf6 gxf6 40. g3 Kd6 41. Ke3 Kc5 42. f5 h5 43. Rh2 a3 44. Ra2 d4+ 45. cxd4+ Kb4 46. Kd2 Kb3 47. Rxa3+ Kxa3 48. Kc3 Bd5 49. Kc2 Kb4 0-1

[Event "4NCL Online Division 5"]
[Site "online"]
[Date "2021.08.24"]
[EventDate "2021.08.24"]
[Round "1.31"]
[White "Moreno Serrano, Carlos"]
[WhiteElo "1521"]
[WhiteTeam "Guildford Castles 3"]
[Black "Lampard, Alice"]
[BlackElo "1948"]
[BlackTeam "Wells Globetrotters 1"]
[Result "0-1"]
[PlyCount "84"]

1. c4 c5 2. Nc3 Nc6 3. g3 g6 4. Bg2 Bg7 5. e4 e5 6. Nge2 Nge7 7. d3 d6 8. h3 O-O 9. O-O Be6 10. Nd5 Bxd5 11. exd5 Nd4 12. Nxd4 cxd4 13. f4 Rb8 14. a4 Nf5 15. Kh2 a6 16. h4 Re8 17. Bh3 exf4 18. Bxf4 Ne3 19. Bxe3 dxe3 20. Qe2 Qa5 21. Rfe1 Re7 22. Bg2 Rbe8 23. Ra2 Qc5 24. Kh3 h5 25. Kh2 Qd4 26. Kh3 Re5 27. Kh2 Rf5 28. Rf1 Rxf1 29. Bxf1 Qc5 30. Kh3 Qd4 31. Kg2 f5 32. Qf3 Bh6 33. b3 Qc3 34. Qd1 f4 35. gxf4 Bxf4 36. Be2 Qf6 37. Qh1 Rf8 38. Qh3 Bh6 39. Qe6+ Qxe6 40. dxe6 Rf2+ 41. Kg3 Bf4+ 42. Kh3 Rh2# 0-1

[Event "4NCL Online Division 5"]
[Site "online"]
[Date "2021.08.24"]
[EventDate "2021.08.24"]
[Round "1.32"]
[White "Strong, Chris M"]
[WhiteElo "1750"]
[WhiteTeam "Wells Globetrotters 1"]
[Black "Garrood, Anthony"]
[BlackElo "1518"]
[BlackTeam "Guildford Castles 3"]
[Result "1-0"]
[PlyCount "105"]

1. e4 e5 2. Nf3 Nc6 3. Nc3 Nf6 4. d4 exd4 5. Nxd4 Bb4 6. Nxc6 bxc6 7. Bd3 O-O 8. O-O h6 9. Bf4 Bxc3 10. bxc3 d6 11. Rb1 Be6 12. Rb2 Rb8 13. Qb1 Rxb2 14. Qxb2 Qb8 15. Rb1 Qb6 16. Be3 c5 17. Qc1 Qa5 18. c4 Qc3 19. Rb3 Qe5 20. f4 Qh5 21. Kf1 Qxh2 22. f5 Bd7 23. Qd2 Bc6 24. Bg1 Qh4 25. Bf2 Qh1+ 26. Bg1 Qh4 27. Bf2 Qg4 28. Be2 Qxe4 29. Bf3 Qxc4+ 30. Be2 Qd5 31. Qxd5 Bxd5 32. Ra3 Ra8 33. g4 g6 34. fxg6 fxg6 35. Bh4 g5 36. Be1 Be6 37. Ba5 c6 38. Bc7 d5 39. Bb6 c4 40. Bd4 Kf7 41. Rf3 Kg8 42. Rxf6 Rf8 43. Rxf8+ Kxf8 44. Bxa7 Ke7 45. a4 Kd7 46. Bb6 Kc8 47. a5 Kb7 48. Kf2 Bf7 49. Ke3 Bg6 50. c3 Ka6 51. Kd4 Kb5 52. Bd1 c5+ 53. Kxd5 1-0

[Event "4NCL Online Division 5"]
[Site "online"]
[Date "2021.08.24"]
[EventDate "2021.08.24"]
[Round "1.33"]
[White "Long, David"]
[WhiteElo "1501"]
[WhiteTeam "Guildford Castles 3"]
[Black "Humphreys, Paul"]
[BlackElo "1726"]
[BlackTeam "Wells Globetrotters 1"]
[Result "0-1"]
[PlyCount "100"]

1. e4 c5 2. Nf3 Nc6 3. Bc4 e6 4. O-O a6 5. Nc3 b5 6. Be2 Nf6 7. d3 Be7 8. a3 O-O 9. Re1 d5 10. e5 Ng4 11. Bf4 Qb6 12. h3 Nh6 13. Bxh6 gxh6 14. Qd2 Kg7 15. Qf4 Qd8 16. Nh2 Bg5 17. Qg3 Kh8 18. Ng4 Rg8 19. Rf1 h5 20. f4 Bh4 21. Qe3 hxg4 22. hxg4 Bb7 23. g5 d4 24. Qh3 Bxg5 25. fxg5 dxc3 26. Rxf7 Rg7 27. Rxg7 Kxg7 28. Qh6+ Kg8 29. Qxe6+ Kh8 30. Qf6+ Qxf6 31. exf6 cxb2 32. Rb1 Nd4 33. Bd1 Ne6 34. Rxb2 Nxg5 35. c4 Bc6 36. Rf2 Be8 37. g4 Bg6 38. Kg2 Bxd3 39. cxb5 axb5 40. Be2 Be4+ 41. Kg3 c4 42. Rh2 Ne6 43. Rh6 Bg6 44. Bf3 Rxa3 45. Kf2 c3 46. Rh1 c2 47. Rc1 b4 48. Bd5 Ng5 49. Rxc2 Bxc2 50. f7 Nxf7 0-1

[Event "4NCL Online Division 5"]
[Site "online"]
[Date "2021.08.24"]
[EventDate "2021.08.24"]
[Round "1.34"]
[White "Goatcher, Matthew W"]
[WhiteElo "1682"]
[WhiteTeam "Wells Globetrotters 1"]
[Black "Kelly, Adam"]
[BlackElo "896"]
[BlackTeam "Guildford Castles 3"]
[Result "1-0"]
[PlyCount "55"]

1. c4 e5 2. g3 Nc6 3. Bg2 f5 4. Nc3 Nf6 5. a3 Bc5 6. e3 d6 7. Nge2 Be6 8. d4 exd4 9. exd4 Nxd4 10. Nxd4 Bd7 11. O-O O-O 12. Bxb7 Rb8 13. Nc6 Bxc6 14. Bxc6 Rb6 15. Bd5+ Kh8 16. b4 Bxf2+ 17. Rxf2 Ng4 18. Rxf5 Rxf5 19. Qxg4 Qf6 20. Bb2 h5 21. Qe4 Rb8 22. Rb1 Rf8 23. Qd3 Rf3 24. Bxf3 h4 25. Rf1 hxg3 26. hxg3 Qg5 27. Kg2 Rf6 28. Ne4 1-0

[Event "4NCL Online Division 5"]
[Site "online"]
[Date "2021.08.24"]
[EventDate "2021.08.24"]
[Round "1.41"]
[White "Coburn, Joseph A"]
[WhiteElo "1758"]
[WhiteTeam "Wessex Some Stars E"]
[Black "Ivan, Austin"]
[BlackElo "1692"]
[BlackTeam "Harrow 4"]
[Result "1-0"]
[PlyCount "163"]

1. d4 f5 2. c4 Nf6 3. Nf3 g6 4. Nc3 Bg7 5. e3 O-O 6. Qb3 Kh8 7. Bd3 d6 8. d5 Qe8 9. O-O c6 10. e4 fxe4 11. Nxe4 Nxe4 12. Bxe4 c5 13. Ng5 a6 14. Ne6 Bxe6 15. dxe6 Nc6 16. Qxb7 Rc8 17. Qxa6 Nd4 18. Bd5 Ne2+ 19. Kh1 Nxc1 20. Raxc1 Bxb2 21. Rb1 Bd4 22. f3 Rb8 23. Rxb8 Qxb8 24. Qb7 Qxb7 25. Bxb7 Rb8 26. Bc6 Rb6 27. Bb5 Rb7 28. a4 Ra7 29. g4 Kg7 30. Kg2 Kf6 31. Re1 Be5 32. h4 h6 33. Re2 g5 34. Kh3 Ra8 35. Ra2 Kxe6 36. a5 Ra7 37. Bc6 Bc3 38. a6 Kf6 39. Bb7 e5 40. hxg5+ hxg5 41. Kg3 Be1+ 42. Kg2 Ke6 43. Kf1 Bg3 44. Ke2 Bh4 45. Ke3 Bg3 46. Ke4 Bf4 47. Rb2 Bg3 48. Rb6 Ke7 49. Kd5 e4 50. fxe4 Be5 51. Rc6 Kd8 52. Rc8+ Kd7 53. Rf8 Kc7 54. Rf7+ Kb6 55. Rd7 Bf4 56. Rxd6+ Bxd6 57. Kxd6 Rxb7 58. axb7 Kxb7 59. e5 Kc8 60. Kxc5 Kc7 61. Kd5 Kd7 62. e6+ Ke7 63. Ke5 Ke8 64. Kf5 Ke7 65. c5 Kd8 66. Kxg5 Ke7 67. Kf5 Ke8 68. g5 Kd8 69. c6 Kc7 70. e7 Kxc6 71. e8=Q+ Kd5 72. Qd8+ Kc4 73. Ke4 Kc5 74. Qd1 Kc4 75. Qc1+ Kb4 76. Kd4 Kb5 77. Qc2 Kb6 78. Kd5 Kb7 79. Kd6 Kb6 80. Qb2+ Ka5 81. Kc5 Ka4 82. Qb4# 1-0

[Event "4NCL Online Division 5"]
[Site "online"]
[Date "2021.08.24"]
[EventDate "2021.08.24"]
[Round "1.42"]
[White "Patel, Krrish"]
[WhiteElo "1562"]
[WhiteTeam "Harrow 4"]
[Black "Jones, Tim"]
[BlackElo "1755"]
[BlackTeam "Wessex Some Stars E"]
[Result "0-1"]
[PlyCount "70"]

1. d4 Nf6 2. Nc3 e6 3. Bf4 Bb4 4. e3 b6 5. Bd3 Bb7 6. Nf3 Nd5 7. Qd2 Nxf4 8. exf4 Bxf3 9. gxf3 Nc6 10. Bb5 Qf6 11. Bxc6 dxc6 12. Qe3 O-O-O 13. O-O-O Bxc3 14. bxc3 Rd7 15. Qe5 Qxe5 16. fxe5 Rhd8 17. Rd3 c5 18. Rhd1 c4 19. Re3 Kb7 20. Re4 b5 21. a3 a5 22. Kb2 c5 23. f4 g6 24. h4 h5 25. f3 Kc6 26. Rd2 b4 27. cxb4 cxb4 28. axb4 axb4 29. c3 b3 30. Rd1 Ra7 31. Ra1 Rxa1 32. Kxa1 Ra8+ 33. Kb1 Ra2 34. f5 gxf5 35. Re3 Rh2 0-1

[Event "4NCL Online Division 5"]
[Site "online"]
[Date "2021.08.24"]
[EventDate "2021.08.24"]
[Round "1.43"]
[White "Pinto, Phil B"]
[WhiteElo "1753"]
[WhiteTeam "Wessex Some Stars E"]
[Black "Sivanandan, Bodhana"]
[BlackElo "1588"]
[BlackTeam "Harrow 4"]
[Result "0-1"]
[PlyCount "94"]

1. Nf3 c6 2. d4 d5 3. c4 Nf6 4. Nc3 Bf5 5. Bf4 e6 6. Nh4 Bg6 7. Nxg6 fxg6 8. Qc2 Bd6 9. Bg5 O-O 10. c5 Be7 11. h3 Nbd7 12. O-O-O b6 13. cxb6 Nxb6 14. e4 Nxe4 15. Bxe7 Qxe7 16. Nxe4 dxe4 17. Ba6 Qg5+ 18. Kb1 Qxg2 19. Qxc6 Rxf2 20. Qxe6+ Kh8 21. Rhg1 Qf3 22. Bb7 Qe2 23. Qb3 Re8 24. Rge1 Qc4 25. Rxe4 Rxe4 26. Bxe4 Rf1 27. Rxf1 Qxf1+ 28. Kc2 Qe2+ 29. Kc3 Qxe4 30. Qf7 h6 31. Qxa7 Qc6+ 32. Kd3 Qb5+ 33. Ke4 Qxb2 34. d5 Qg2+ 35. Kd4 Qxd5+ 36. Ke3 Nc4+ 37. Kf2 Kh7 38. a4 Qd2+ 39. Kg3 Qe3+ 40. Qxe3 Nxe3 41. a5 Nd5 42. a6 g5 43. Kf3 Kg6 44. Ke4 Nc7 45. a7 Kh5 46. Ke5 Kh4 47. Kd6 Nb5+ 0-1

[Event "4NCL Online Division 5"]
[Site "online"]
[Date "2021.08.24"]
[EventDate "2021.08.24"]
[Round "1.44"]
[White "Laza, Andrei"]
[WhiteElo "1230"]
[WhiteTeam "Harrow 4"]
[Black "Leeson, Chris J P"]
[BlackElo "1732"]
[BlackTeam "Wessex Some Stars E"]
[Result "0-1"]
[PlyCount "102"]

1. b3 e5 2. Bb2 d6 3. e3 c5 4. Nf3 Nc6 5. Bb5 Bd7 6. O-O a6 7. Be2 Be7 8. d4 exd4 9. exd4 Bf6 10. Bc4 Nge7 11. Re1 O-O 12. Qd3 Ng6 13. Nbd2 Nb4 14. Qe4 Bc6 15. d5 Re8 16. Bxf6 Qxf6 17. Qg4 Nxd5 18. Bxd5 Bxd5 19. Rxe8+ Rxe8 20. Re1 Rxe1+ 21. Nxe1 Qd8 22. Ndf3 h6 23. h3 Be6 24. Qe4 d5 25. Qe2 Qc7 26. Nd3 Nf4 27. Nxf4 Qxf4 28. Qe3 Qxe3 29. fxe3 f6 30. Kf2 Kf7 31. Nd2 f5 32. c4 dxc4 33. Nxc4 Bxc4 34. bxc4 b5 35. cxb5 axb5 36. Ke2 Ke6 37. Kd2 Kd5 38. Kc3 Ke4 39. Kd2 b4 40. Ke2 c4 41. Kd2 c3+ 42. Ke2 c2 43. Kd2 c1=Q+ 44. Kxc1 Kxe3 45. Kc2 Kf2 46. g3 Kxg3 47. Kb3 f4 48. Kxb4 f3 49. a4 f2 50. a5 f1=Q 51. a6 Qxa6 0-1

[Event "4NCL Online Division 5"]
[Site "online"]
[Date "2021.08.24"]
[EventDate "2021.08.24"]
[Round "1.51"]
[White "Sanfey, Peter"]
[WhiteElo "1219"]
[WhiteTeam "Barnet Knights D"]
[Black "Hutton, Allan"]
[BlackElo "1549"]
[BlackTeam "Hertford 3"]
[Result "0-1"]
[PlyCount "102"]

1. d4 Nf6 2. g3 d5 3. Bg2 c6 4. e3 Bf5 5. Ne2 Nbd7 6. O-O e5 7. Nbc3 Bd6 8. f4 e4 9. b3 O-O 10. a4 Ng4 11. Bh3 Nxe3 12. Bxe3 Bxh3 13. Rf2 Nf6 14. Nc1 Ng4 15. Re2 Nxe3 16. Rxe3 Qd7 17. N1a2 Bg4 18. Qe1 Bc7 19. Ne2 Bb6 20. Rd1 Qd6 21. a5 Bc7 22. b4 b6 23. a6 Bc8 24. Ra3 Bg4 25. Re3 h5 26. h4 Rfe8 27. Rb1 b5 28. Nac3 Bb6 29. Qf2 Qd7 30. Rf1 g6 31. f5 Qxf5 32. Qg2 Bh3 33. Rxf5 Bxg2 34. Rf6 Bh3 35. Rxc6 Rac8 36. Rxc8 Rxc8 37. Nxd5 Rd8 38. Nxb6 axb6 39. Rxe4 Ra8 40. Nf4 Bf5 41. Re2 Rxa6 42. c3 Ra3 43. Re8+ Kg7 44. Rb8 Rxc3 45. Rxb6 Rxg3+ 46. Kf2 Rg4 47. Kf3 Bd7 48. Rb7 Bc6+ 49. d5 Bxb7 50. Ke4 Bxd5+ 51. Kxd5 Rxf4 0-1

[Event "4NCL Online Division 5"]
[Site "online"]
[Date "2021.08.24"]
[EventDate "2021.08.24"]
[Round "1.52"]
[White "Zsibrita, Steve"]
[WhiteElo "1496"]
[WhiteTeam "Hertford 3"]
[Black "Rowland, Benjamin"]
[BlackElo "1108"]
[BlackTeam "Barnet Knights D"]
[Result "1-0"]
[PlyCount "131"]

1. d4 e6 2. Bf4 d5 3. e3 c5 4. c3 Nf6 5. Bd3 cxd4 6. exd4 Nc6 7. Nd2 a6 8. Ngf3 b5 9. O-O Bd6 10. Ne5 Bb7 11. Bg3 g6 12. Ndf3 Bf8 13. Ng5 Bg7 14. Ngxf7 Qe7 15. Nxh8 Bxh8 16. a4 b4 17. Rc1 bxc3 18. bxc3 Nd7 19. Nf3 Nf6 20. Re1 Kd7 21. Rb1 Ra7 22. Rb6 Nd8 23. Qb3 Ke8 24. Bd6 Qf7 25. Ne5 Qg7 26. c4 Nd7 27. Nxd7 Kxd7 28. Be5 Qf8 29. cxd5 Bxd5 30. Bc4 Bxc4 31. Qxc4 Bxe5 32. dxe5 Ke8 33. Rxa6 Rxa6 34. Qxa6 Qb4 35. Qb5+ Qxb5 36. axb5 Kd7 37. f4 Kc7 38. Kf2 Kb6 39. Rd1 Kc7 40. Rc1+ Kb6 41. Rb1 h5 42. h4 Nf7 43. Kf3 Nh6 44. Ke4 Nf5 45. Rb3 Nxh4 46. g3 Nf5 47. Rd3 Kxb5 48. Kf3 Kc6 49. g4 Ng7 50. gxh5 gxh5 51. Kg3 Nf5+ 52. Kh3 Kc5 53. Rd8 Kc4 54. Rh8 Ng7 55. Rh7 Nf5 56. Rxh5 Kd4 57. Rxf5 Kd5 58. Rf6 Ke4 59. Kg3 Kd5 60. Kf3 Kc5 61. Ke4 Kc6 62. Kd4 Kd7 63. Kc5 Ke7 64. Kc6 Kd8 65. Rxe6 Kc8 66. Re8# 1-0

[Event "4NCL Online Division 5"]
[Site "online"]
[Date "2021.08.24"]
[EventDate "2021.08.24"]
[Round "1.53"]
[White "Malus, Sean"]
[WhiteElo "1200"]
[WhiteTeam "Barnet Knights D"]
[Black "Lynch, Mark"]
[BlackElo "1419"]
[BlackTeam "Hertford 3"]
[Result "0-1"]
[PlyCount "61"]

1. e4 d6 2. Nc3 Nf6 3. d3 Nbd7 4. Nf3 e5 5. d4 c6 6. Bc4 Be7 7. d5 O-O 8. Ng5 b5 9. Bb3 b4 10. Ne2 c5 11. a3 h6 12. h4 Bb7 13. Ng3 Nh7 14. Nf5 Ndf6 15. Qf3 Bc8 16. Qg3 Bxf5 17. exf5 Qd7 18. c4 Qxf5 19. Nxh7 Kxh7 20. Kd1 Qg4+ 21. Qxg4 Nxg4 22. Bc2+ Kg8 23. Rh3 Nxf2+ 24. Ke1 Nxh3 25. axb4 Bxh4+ 26. Kf1 Ng5 27. Ra3 Nh7 28. Rh3 Bg5 29. Bxg5 Nxg5 30. Rg3 f5 31. Rf3 0-1

[Event "4NCL Online Division 5"]
[Site "online"]
[Date "2021.08.24"]
[EventDate "2021.08.24"]
[Round "1.54"]
[White "Brewis, Alan"]
[WhiteElo "1336"]
[WhiteTeam "Hertford 3"]
[Black "Morin, Julian"]
[BlackElo "897"]
[BlackTeam "Barnet Knights D"]
[Result "1-0"]
[PlyCount "189"]

1. d4 d5 2. Bf4 e6 3. Nc3 Nd7 4. e3 c6 5. h4 Ngf6 6. h5 h6 7. Nf3 Bb4 8. Be2 b6 9. a3 Be7 10. Qd3 Bb7 11. O-O-O b5 12. Na2 a5 13. Qd2 b4 14. a4 Ne4 15. Qe1 c5 16. dxc5 Ndxc5 17. Bb5+ Nd7 18. Bxd7+ Qxd7 19. b3 Bf6 20. Ne5 Bxe5 21. Bxe5 O-O 22. f3 Nd6 23. Qg3 Nf5 24. Qf2 f6 25. Bb2 Bc6 26. e4 Ne7 27. e5 f5 28. c4 Qa7 29. Bd4 Qc7 30. c5 Bd7 31. Kb1 Nc6 32. f4 Nxd4 33. Qxd4 Rac8 34. Rc1 Bc6 35. Rc2 Bb7 36. Nc1 Bc6 37. Nd3 Qa7 38. Nf2 Rf7 39. Rg1 Rfc7 40. Nd3 Rf7 41. Kb2 Qd7 42. Ra1 Qe7 43. Rh1 Qe8 44. Ra1 Rfc7 45. Qe3 Qxh5 46. Qd4 g5 47. Qg1 gxf4 48. Nxf4 Qg4 49. Qh2 Rh7 50. Ka2 h5 51. Rh1 h4 52. Nxe6 Re8 53. Nf4 Qg3 54. Qxg3+ hxg3 55. Rxh7 Kxh7 56. e6 d4 57. Kb2 Kg7 58. Re2 Be4 59. Nh5+ Kg6 60. Nxg3 d3 61. Rd2 Rxe6 62. Kc1 Re5 63. Rf2 Rxc5+ 64. Kd1 Rc3 65. Rb2 Kg5 66. Nxe4+ fxe4 67. Kd2 Kf4 68. g4 Kxg4 69. Ke3 Kf5 70. Kd4 Rc2 71. Rb1 Kf4 72. Rf1+ Kg3 73. Kxe4 d2 74. Rd1 Kf2 75. Kd3 Rb2 76. Rxd2+ Rxd2+ 77. Kxd2 Kf3 78. Kd3 Kf2 79. Kc4 Ke2 80. Kb5 Kd2 81. Kxa5 Kc2 82. Kxb4 Kb2 83. a5 Kc2 84. a6 Kd2 85. a7 Ke2 86. a8=Q Ke3 87. Qd8 Ke4 88. Kc4 Ke3 89. Qd4+ Kf3 90. Kd3 Kg3 91. Ke3 Kg2 92. Qf4 Kh1 93. Kf3 Kg1 94. Qg3+ Kh1 95. Qg2# 1-0

[Event "4NCL Online Division 5"]
[Site "online"]
[Date "2021.08.24"]
[EventDate "2021.08.24"]
[Round "1.61"]
[White "Taylor, Russell"]
[WhiteElo "1403"]
[WhiteTeam "Breage Bruisers"]
[Black "Yordanov, Denislav"]
[BlackElo "1390"]
[BlackTeam "Streatham C"]
[Result "1-0"]
[PlyCount "125"]

1. d4 d5 2. c4 e6 3. Nc3 Nf6 4. e3 Nc6 5. Nf3 Bb4 6. Bd3 O-O 7. O-O Bd7 8. a3 Bxc3 9. bxc3 Re8 10. Qc2 g6 11. Bb2 Qe7 12. Rfe1 dxc4 13. Bxc4 Na5 14. Bd3 a6 15. e4 b6 16. Bc1 c5 17. e5 Nd5 18. c4 Nc7 19. Bg5 f6 20. Bxf6 Qf8 21. Bxg6 Qh6 22. Bxe8 Bxe8 23. Rad1 Bg6 24. Qc3 b5 25. Qxa5 Ne8 26. cxb5 cxd4 27. Nxd4 Bh5 28. f3 Nxf6 29. exf6 Qxf6 30. Rxe6 Qg5 31. Rde1 Qc5 32. Qa4 Rd8 33. R6e4 axb5 34. Qb3+ Kg7 35. Qb2 Kg8 36. Kh1 b4 37. Ne6 Qc3 38. Qxb4 Qxb4 39. axb4 Rc8 40. h3 Bf7 41. b5 Rb8 42. Rb4 Be8 43. b6 Kf7 44. Ng5+ Kg6 45. h4 h6 46. Ne4 Bd7 47. Rd1 Be6 48. Rd6 Kf7 49. Nc5 Bf5 50. Rf4 Ke7 51. Rxh6 Bc8 52. b7 Rxb7 53. Nxb7 Bxb7 54. Rh7+ Kd6 55. Rxb7 Kc5 56. Rd7 Kb6 57. Rf5 Kc6 58. Rh7 Kd6 59. Rh6+ Ke7 60. Ra5 Kf7 61. Ra7+ Kg8 62. Rb6 Kf8 63. Rb8# 1-0

[Event "4NCL Online Division 5"]
[Site "online"]
[Date "2021.08.24"]
[EventDate "2021.08.24"]
[Round "1.63"]
[White "Renshaw, Ian"]
[WhiteElo "1442"]
[WhiteTeam "Breage Bruisers"]
[Black "Isaacs, Ruairi"]
[BlackElo "1298"]
[BlackTeam "Streatham C"]
[Result "1-0"]
[PlyCount "99"]

1. c4 c5 2. Nc3 Nc6 3. g3 Nf6 4. Bg2 g6 5. Nf3 Bg7 6. O-O d6 7. d3 O-O 8. Rb1 Bd7 9. Ng5 Rb8 10. a3 a6 11. b4 cxb4 12. axb4 b5 13. c5 dxc5 14. bxc5 Ng4 15. Bb2 e6 16. e3 Qxg5 17. h4 Qxc5 18. Ne4 Nxf2 19. Nxc5 Nxd1 20. Nxd7 Nxb2 21. Nxf8 Rxf8 22. Bxc6 Nxd3 23. Rfd1 Ne5 24. Bb7 Nf3+ 25. Kg2 Ne5 26. Bxa6 Bh6 27. e4 Nc4 28. Rd7 Ne5 29. Rb7 b4 30. R1xb4 Bd2 31. Rb2 Bc3 32. R2b3 Bd4 33. Be2 Nc6 34. Bb5 Na5 35. Be2 Nxb3 36. Rxb3 f5 37. exf5 exf5 38. Bc4+ Kg7 39. Rb7+ Kh6 40. Rd7 Re8 41. Rxd4 Re7 42. g4 fxg4 43. Rxg4 Re5 44. Rf4 Re7 45. Kf3 Kg7 46. Rg4 Re5 47. Rg5 Re7 48. Rd5 Re6 49. Rd7+ Kf6 50. Bxe6 1-0

[Event "4NCL Online Division 5"]
[Site "online"]
[Date "2021.08.24"]
[EventDate "2021.08.24"]
[Round "1.64"]
[White "McNeil, Eric Dylan"]
[WhiteElo "1061"]
[WhiteTeam "Streatham C"]
[Black "Evdokimova, Maria"]
[BlackElo "1428"]
[BlackTeam "Breage Bruisers"]
[Result "1-0"]
[PlyCount "70"]

1. c4 d5 2. cxd5 Qxd5 3. Nc3 Qd8 4. d4 Nc6 5. Nf3 Bg4 6. e3 Bxf3 7. Qxf3 e6 8. g3 Nb4 9. Qd1 Ne7 10. Bg2 Ned5 11. e4 Nxc3 12. bxc3 Nc6 13. Qg4 Qe7 14. Rb1 Rb8 15. O-O g6 16. e5 Qd7 17. Bg5 Be7 18. Bh6 Na5 19. h4 c6 20. h5 Nc4 21. Rfd1 Na3 22. Rb3 Nc4 23. Rd3 Na5 24. Rb1 Nc4 25. Rf3 Bf8 26. Bg5 Be7 27. Bh6 Bf8 28. Bc1 Ba3 29. Bf4 f5 30. exf6 e5 31. Qxd7+ Kxd7 32. dxe5 Ke6 33. Bh3+ Kf7 34. e6+ Kxf6 35. Bxb8+ Ke7 1-0

[Event "4NCL Online Division 5"]
[Site "online"]
[Date "2021.08.24"]
[EventDate "2021.08.24"]
[Round "1.71"]
[White "Warren, Archie"]
[WhiteElo "1359"]
[WhiteTeam "Farnham C"]
[Black "Townend, Ron"]
[BlackElo "1541"]
[BlackTeam "War & Piece Nimrod"]
[Result "0-1"]
[PlyCount "48"]

1. d4 c6 2. Bf4 d5 3. e3 Nf6 4. Nd2 Bf5 5. c4 e6 6. Qb3 b6 7. Ngf3 Nbd7 8. Be2 Be7 9. O-O O-O 10. Rac1 Rc8 11. Ne5 Nxe5 12. dxe5 Nd7 13. Nf3 Nc5 14. Qc3 Ne4 15. Qe1 a5 16. a3 f6 17. Qd1 fxe5 18. Bxe5 Bf6 19. h3 Bxe5 20. Nxe5 Qh4 21. Bg4 Bxg4 22. Nxg4 h5 23. Ne5 Nxf2 24. Qe2 Nxh3+ 0-1

[Event "4NCL Online Division 5"]
[Site "online"]
[Date "2021.08.24"]
[EventDate "2021.08.24"]
[Round "1.72"]
[White "Dray-Pearce, Tristan"]
[WhiteElo "1640"]
[WhiteTeam "War & Piece Nimrod"]
[Black "Warnock, Oliver"]
[BlackElo "1294"]
[BlackTeam "Farnham C"]
[Result "0-1"]
[PlyCount "106"]

1. d4 Nf6 2. Bf4 b6 3. Nc3 Bb7 4. Nf3 e6 5. e3 Bb4 6. Qd2 Ne4 7. Qc1 Nxc3 8. bxc3 Bxc3+ 9. Kd1 Bxa1 10. Qxa1 O-O 11. Bd3 Bxf3+ 12. gxf3 d5 13. Rg1 Re8 14. e4 Qh4 15. Bg3 Qe7 16. e5 c5 17. c3 Nc6 18. Qb1 cxd4 19. Bxh7+ Kh8 20. cxd4 g6 21. Bxg6 fxg6 22. Qxg6 Rg8 23. Qh6+ Qh7 24. Qf6+ Rg7 25. Bf4 Qd3+ 26. Bd2 Rg8 27. Qh6+ Qh7 28. Qf6 Qxh2 29. Rxg7 Rxg7 30. Bh6 Qg1+ 31. Kd2 Qxf2+ 32. Kd1 Qg1+ 33. Kd2 Qxd4+ 34. Kc1 Qg1+ 35. Kd2 Qg6 36. Bxg7+ Qxg7 37. Qxe6 Qg5+ 38. Kd1 Qg1+ 39. Kd2 Qf2+ 40. Kc1 Qe1+ 41. Kb2 Qxe5+ 42. Qxe5+ Nxe5 43. f4 Nc4+ 44. Kc3 Kg7 45. Kd4 Kf6 46. Kxd5 Na5 47. Kd4 Kf5 48. Kc3 Kxf4 49. Kb4 a6 50. a4 Ke5 51. Ka3 Kd4 52. Kb4 Kd3 53. Ka3 Kc3 0-1

[Event "4NCL Online Division 5"]
[Site "online"]
[Date "2021.08.24"]
[EventDate "2021.08.24"]
[Round "1.73"]
[White "Franklin, Tony"]
[WhiteElo "1274"]
[WhiteTeam "Farnham C"]
[Black "Chwieseni, Edward I"]
[BlackElo "1631"]
[BlackTeam "War & Piece Nimrod"]
[Result "0-1"]
[PlyCount "138"]

1. c4 Nf6 2. Nc3 g6 3. g3 Bg7 4. Bg2 O-O 5. e4 e5 6. Nge2 Nc6 7. d3 d6 8. O-O Nd4 9. h3 c6 10. f4 Nh5 11. Nxd4 exd4 12. Ne2 f5 13. Kh2 fxe4 14. Bxe4 Qd7 15. Ng1 Nf6 16. Bf3 Qf5 17. g4 Qa5 18. Re1 Bd7 19. g5 Nh5 20. Bxh5 gxh5 21. Re7 Qd8 22. Rxg7+ Kxg7 23. Qxh5 Bf5 24. Qh6+ Kg8 25. b3 Bxd3 26. Bb2 c5 27. Qe6+ Kg7 28. Bc1 Bf5 29. Qh6+ Kg8 30. Nf3 Qd7 31. Ng1 Rae8 32. Bd2 Re6 33. Qh4 d5 34. Re1 Rxe1 35. Bxe1 dxc4 36. bxc4 Qe6 37. Bd2 Qxc4 38. Qf2 Qxa2 39. Nf3 Qe6 40. Ng1 b6 41. h4 Bg4 42. Kg3 a5 43. Nf3 Bxf3 44. Qxf3 a4 45. Bc1 Qb3 46. h5 Qxf3+ 47. Kxf3 Re8 48. Kg4 b5 49. f5 b4 50. h6 a3 51. g6 hxg6 52. fxg6 a2 53. Bb2 Re2 54. Ba1 Re1 55. Bb2 Rb1 56. h7+ Kg7 57. Kg5 Rxb2 58. h8=Q+ Kxh8 59. Kf6 Kg8 60. g7 a1=Q 61. Ke6 Qa6+ 62. Kd5 c4 63. Kxd4 Rd2+ 64. Kc5 Qd6+ 65. Kxc4 Rc2+ 66. Kb3 Qd3+ 67. Ka4 Qa6+ 68. Kb3 Qc4+ 69. Ka4 Ra2# 0-1

[Event "4NCL Online Division 5"]
[Site "online"]
[Date "2021.08.24"]
[EventDate "2021.08.24"]
[Round "1.74"]
[White "Morrison, Munroe L"]
[WhiteElo "1633"]
[WhiteTeam "War & Piece Nimrod"]
[Black "Warren, Orla"]
[BlackElo "1146"]
[BlackTeam "Farnham C"]
[Result "1-0"]
[PlyCount "45"]

1. e4 e6 2. d4 d5 3. Nd2 Nf6 4. e5 Nfd7 5. Bd3 c5 6. c3 Nc6 7. Ngf3 Qb6 8. O-O cxd4 9. cxd4 Nxd4 10. Nxd4 Qxd4 11. Nf3 Qb6 12. Qa4 Bc5 13. Qg4 g6 14. Bh6 Qxb2 15. Rab1 Qxa2 16. Qf4 b6 17. Ng5 Ba6 18. Qxf7+ Kd8 19. Nxe6+ Kc8 20. Ra1 Qb2 21. Bxa6+ Kb8 22. Qxd7 d4 23. Qb7# 1-0